Los dos cuerpos del rey. Un estudio de teología política medieval.
Gardado en:
| Autor Principal: | |
|---|---|
| Outros autores: | , |
| Formato: | Libro |
| Idioma: | Lingua castelá |
| Publicado: |
Madrid, España:
Alianza,
1985.
|
| Series: | Alianza Universidad, 441.
|
| Subjects: | |
| Tags: |
Engadir etiqueta
Sen Etiquetas, Sexa o primeiro en etiquetar este rexistro!
|
MARC
| LEADER | 00000cam a2200000 a 4500 | ||
|---|---|---|---|
| 001 | UCO1244 | ||
| 003 | CL-VaPUC | ||
| 005 | 20220822114344.0 | ||
| 008 | 000512e19850000SP |||||||||||||||||spa|d | ||
| 999 | |c 287873 |d 287871 | ||
| 020 | |a 84-206-2441-1 | ||
| 040 | |c Pontificia Universidad Católica de Valparaíso | ||
| 082 | 0 | 4 | |a 321.14 KAN 1985 |2 21 |
| 100 | |a Kantorowicz, Ernst H |e autor |9 573020 | ||
| 245 | 1 | 4 | |a Los dos cuerpos del rey. |b Un estudio de teología política medieval. |
| 260 | |a Madrid, España: |b Alianza, |c 1985. | ||
| 300 | |a 529 páginas. | ||
| 490 | 0 | |a Alianza Universidad, 441. | |
| 500 | |a c.3 Donación Familia Prof. Alejandro Guzmán Brito. | ||
| 583 | |a last modification |c 20170328 09:29:38 |k Rodrigo Vera | ||
| 650 | 0 | |a Sistemas de gobiernos |9 330159 |y Edad media | |
| 650 | 0 | |a Teología política |9 443181 | |
| 700 | |a Aikin Araluce, Susana |9 400422 |e versión española | ||
| 700 | |a Blásquez Godoy, Rafael |e versión española |9 866178 | ||
| 942 | |c BK |2 ddc |n 0 | ||
| 945 | |d 20000512 00:00:00 |a rherrera | ||
| 952 | |0 0 |1 0 |4 0 |6 321_140000000000000_KAN_1985 |7 0 |8 A |9 334952 |a BIBHIS |b BIBHIS |d 2019-11-20 |i 1280015 |o 321.14 KAN 1985 |p 1280015 |r 2025-01-20 |w 2019-11-20 |y BK |k HIS | ||
| 952 | |0 0 |1 0 |3 erb |4 0 |6 321_140000000000000_KAN_1985 |7 0 |8 A |9 334953 |a BIBART |b BIBART |i 5384133 |o 321.14 KAN 1985 |p 5384133 |r 2025-03-13 |w 2019-11-20 |y BK |z Catalogado en:20170331 |k ART | ||